Kaathoram/ (Record no. 181880)

000 -LEADER
fixed length control field 00374nam a22001577a 4500
020 ## - INTERNATIONAL STANDARD BOOK NUMBER
ISBN 9789359627267
082 ## - DEWEY DECIMAL CLASSIFICATION NUMBER
Classification number M4
Item number RAV/K
100 ## - MAIN ENTRY--AUTHOR NAME
Personal name Ravi Menon
245 ## - TITLE STATEMENT
Title Kaathoram/
Statement of responsibility, etc by Ravi Menon
260 ## - PUBLICATION, DISTRIBUTION, ETC. (IMPRINT)
Place of publication Kozhikode:
Name of publisher Mathrubhumi Books,
Year of publication 2024.
300 ## - PHYSICAL DESCRIPTION
Number of Pages 206p.
650 ## - SUBJECT ADDED ENTRY--TOPICAL TERM
Topical Term Essays Malayalam
650 ## - SUBJECT ADDED ENTRY--TOPICAL TERM
Topical Term Literature Malayalam
650 ## - SUBJECT ADDED ENTRY--TOPICAL TERM
Topical Term Literature
942 ## - ADDED ENTRY ELEMENTS (KOHA)
Koha item type Book
Holdings
Withdrawn status Lost status Damaged status Not for loan Permanent Location Current Location Shelving location Date acquired Cost, normal purchase price Full call number Accession Number Price effective from Koha item type
        Sree Sankaracharya University of Sanskrit Sree Sankaracharya University of Sanskrit Stacks 30.05.2026 270.00 M4 RAV/K 108921 30.05.2026 Book